Car Brands Named After the Founder's Surname - Sudden Death - Statistics

General Stats
  • This quiz has been taken 74 times
  • The average score is 3 of 15
Answers on the Grid
Answers color-coded by a green-red scale on the quiz's grid according to % correct below.
Suzuki
Austin
Renault
Bugatti
Citroën
Innocenti
Honda
Tata
Chrysler
Dodge
Maserati
Ferrari
Porsche
Piaggio
Škoda
Fiat
Mitsubishi
Saic
Toyota
Mercedes-Benz
Rover
Mini
Infiniti
Maruti
Lada
Daihatsu
Volkswagen
Audi
Tesla
Hyundai
 
Answer Stats
Answer % Correct
Ferrari
61%
Renault
42%
Bugatti
35%
Maserati
32%
Porsche
29%
Chrysler
23%
Suzuki
19%
Honda
13%
Austin
10%
Citroën
10%
Piaggio
10%
Innocenti
6%
Škoda
6%
Tata
6%
Dodge
3%
No matching quizzes found
Score Distribution
Percent of People with Each Score
Percentile by Number Answered
Your Score History
You have not taken this quiz